000 00541nam a22002057a 4500
003 OSt
005 20150518155552.0
008 150518b xxu||||| |||| 00| 0 eng d
020 _a0750698934
040 _cDLC
082 _aWW 140 C37t 1997
100 _aChar Devron H
_94673
245 _aThyroid Eye Disease /
_cDevron H. Char
250 _a3rd ed.
260 _aBoston:
_bButterworth-Heinemann;
_c1997.
300 _ax, 293 p :
_bill;
_c27 cm
504 _aIncludes references and index
650 _aThyroid
_94674
942 _2z
_cSLOAN
999 _c1778
_d1778